LEADER 00907nam0 2200277 450 001 000022604 005 20090205105300.0 010 $a0080310567 100 $a20090205d1984----km-y0itay50------ba 101 0 $aeng 102 $aGB 105 $ay-------001yy 200 1 $aSeaspeak reference manual$eessential English for International Maritime use$f[edited by] Fred Weeks ... [et al.] 210 $aOxford [etc.]$cPergamon Press$dc1984 215 $aIX, 122 p.$d29 cm 225 2 $aSeaspeak 410 0$12001$aSeaspeak 500 10$aSeaspeak reference manual$959919 610 1 $aMarina$aEnciclopedie e dizionari 676 $a420$v21$9Lingua inglese e antico inglese (anglosassone) 702 1$aWeeks,$bFred 801 0$aIT$bUNIPARTHENOPE$c200900205$gRICA$2UNIMARC 912 $a000022604 951 $aS 420/4$bS C, 242$cDSA$d2009 996 $aSeaspeak reference manual$959919 997 $aUNIPARTHENOPE LEADER 01072nam a2200265 i 4500 001 991003250809707536 005 20021205144123.0 008 020522s1997 it ||| | ita 020 $a887284570X 035 $ab11777485-39ule_inst 035 $aPARLA222786$9ExL 040 $aDip.to Filosofia$bita 082 04$a320.512 100 1 $aHayek, Friedrich August : von$0254386 245 10$aIndividualismo :$bquello vero e quello falso /$cFriedrich A. von Hayek ; prefazione di Dario Antiseri 260 $aSoveria Mannelli :$bRubbettino 300 $a83 p. ;$c21 cm. 490 0 $aBiblioteca austriaca. Documenti ;$v4 907 $a.b11777485$b27-04-17$c09-12-02 912 $a991003250809707536 945 $aLE005 330 HAY01. 01$g1$i2005000129551$lle005$o-$pE0.00$q-$rl$s- $t0$u2$v6$w2$x0$y.i12024016$z09-12-02 945 $aLE025 ECO 320 HAY01.01$g1$i2025000209558$lle025$nProf. Signore$o-$pE7.75$q-$rl$s- $t0$u1$v4$w1$x0$y.i14496112$z27-06-07 996 $aIndividualismo$9906098 997 $aUNISALENTO 998 $ale005$ale025$b01-01-02$cm$da $e-$fita$git $h0$i1